CPA examination review : (Record no. 3369)

MARC details
000 -LEADER
fixed length control field 00638nam a22001937a 4500
003 - CONTROL NUMBER IDENTIFIER
control field OSt
005 - DATE AND TIME OF LATEST TRANSACTION
control field 20250703063022.0
008 - FIXED-LENGTH DATA ELEMENTS--GENERAL INFORMATION
fixed length control field 250703b |||||||| |||| 00| 0 eng d
020 ## - INTERNATIONAL STANDARD BOOK NUMBER
International Standard Book Number 9786214160198
040 ## - CATALOGING SOURCE
Original cataloging agency DWCL - Main lib
Transcribing agency OC
082 ## - DEWEY DECIMAL CLASSIFICATION NUMBER
Classification number Fil. 657.046 G924c 2016
100 ## - MAIN ENTRY--PERSONAL NAME
Personal name Guerrero, Pedro P.
245 ## - TITLE STATEMENT
Title CPA examination review :
Remainder of title financial accounting/
Statement of responsibility, etc. Pedro P. Guerrero
250 ## - EDITION STATEMENT
Edition statement 2016 edition.
260 ## - PUBLICATION, DISTRIBUTION, ETC.
Place of publication, distribution, etc. Manila :
Name of publisher, distributor, etc. GIC Enterprises & Co.,
Date of publication, distribution, etc. c2016.
300 ## - PHYSICAL DESCRIPTION
Extent 664 pages :
Other physical details illustrations ;
Dimensions 23 cm.
650 ## - SUBJECT ADDED ENTRY--TOPICAL TERM
Topical term or geographic name entry element 1. Accounting--Examination, questions, etc.
942 ## - ADDED ENTRY ELEMENTS (KOHA)
Source of classification or shelving scheme Dewey Decimal Classification
Koha item type Book-Filipiniana
Edition 2016 edition.
Call number prefix Fil.
Suppress in OPAC No
952 ## - LOCATION AND ITEM INFORMATION (KOHA)
--
952 ## - LOCATION AND ITEM INFORMATION (KOHA)
--
952 ## - LOCATION AND ITEM INFORMATION (KOHA)
--
Holdings
Withdrawn status Lost status Source of classification or shelving scheme Damaged status Not for loan Home library Current library Date acquired Source of acquisition Cost, normal purchase price Total Checkouts Full call number Barcode Date last seen Copy number Price effective from Koha item type Uniform Resource Identifier
    Dewey Decimal Classification     College Library College Library 08/01/2018 School Fund 600.00   Fil. 657.046 G924c 2016 51874 07/03/2025 c3 07/03/2025 BK - FIL
    Dewey Decimal Classification     College Library College Library 08/01/2018 School Fund 600.00   Fil. 657.046 G924c 2016 51873 07/03/2025 c2 07/03/2025 BK - FIL
    Dewey Decimal Classification     College Library College Library 08/01/2018 School Fund 600.00   Fil. 657.046 G924c 2016 51872 07/03/2025 c1 07/03/2025 BK - FIL